Anton Rupert: 'n lewensverhaal/ (Record no. 756161)
[ view plain ]
| 000 -LEADER | |
|---|---|
| fixed length control field | 00601nam a2200205 b 4500 |
| 003 - CONTROL NUMBER IDENTIFIER | |
| control field | 3228 |
| 005 - DATE AND TIME OF LATEST TRANSACTION | |
| control field | 20230814102544.0 |
| 007 - PHYSICAL DESCRIPTION FIXED FIELD--GENERAL INFORMATION | |
| fixed length control field | ta |
| 008 - FIXED-LENGTH DATA ELEMENTS--GENERAL INFORMATION | |
| fixed length control field | 220627s9999 xx 000 0 AFR d |
| 020 ## - INTERNATIONAL STANDARD BOOK NUMBER | |
| International Standard Book Number | 9780624041511 |
| Terms of availability | Hardbook cover |
| 040 ## - CATALOGING SOURCE | |
| Original cataloging agency | RDA |
| Language of cataloging | English |
| Transcribing agency | 3228 |
| 082 ## - DEWEY DECIMAL CLASSIFICATION NUMBER | |
| Classification number | 920 DOM |
| 100 ## - MAIN ENTRY--PERSONAL NAME | |
| Personal name | Dommisse, E |
| 245 #0 - TITLE STATEMENT | |
| Title | Anton Rupert: 'n lewensverhaal/ |
| 260 ## - PUBLICATION, DISTRIBUTION, ETC. | |
| Place of publication, distribution, etc. | Cape Town: |
| Name of publisher, distributor, etc. | Tafelberg, |
| Date of publication, distribution, etc. | 2005. |
| 300 ## - PHYSICAL DESCRIPTION | |
| Extent | 10 unnumbered pages; 575 pages. |
| Other physical details | including a jacket, illustrations, |
| Dimensions | 23cm. |
| 650 ## - SUBJECT ADDED ENTRY--TOPICAL TERM | |
| Topical term or geographic name entry element | Rupert, Anton |
| Geographic subdivision | South Africa |
| 9 (RLIN) | 180938 |
| 650 ## - SUBJECT ADDED ENTRY--TOPICAL TERM | |
| Topical term or geographic name entry element | Businessmen |
| 9 (RLIN) | 180939 |
| 942 ## - ADDED ENTRY ELEMENTS | |
| item type | Books |
| Source of classification or shelving scheme | Dewey Decimal Classification |
| -- | 367 |
| -- | Ellen Msibi |
| Withdrawn status | Lost status | Source of classification or shelving scheme | Damaged status | Not for loan | Collection code | Home library | Current library | Shelving location | Date acquired | Inventory number | Total Checkouts | Full call number | Date last seen | Price effective from | item type |
|---|---|---|---|---|---|---|---|---|---|---|---|---|---|---|---|
| Dewey Decimal Classification | 900: History & Geography | Secunda | Secunda | Non Fiction | 14.08.2023 | 005993 | 920 DOM | 14.08.2023 | 14.08.2023 | Books |